Your college experience: (Record no. 13997)
[ view plain ]
| 000 -LEADER | |
|---|---|
| fixed length control field | 00774nam a22002057a 4500 |
| 008 - FIXED-LENGTH DATA ELEMENTS--GENERAL INFORMATION | |
| fixed length control field | 160922b xxu||||| |||| 00| 0 eng d |
| 020 ## - INTERNATIONAL STANDARD BOOK NUMBER | |
| International Standard Book Number | 0534537480 |
| 050 ## - LIBRARY OF CONGRESS CALL NUMBER | |
| Classification number | LB 2243.32 |
| Item number | .Y68 1998 |
| 100 ## - MAIN ENTRY--PERSONAL NAME | |
| Personal name | Gardner, John N. |
| 245 ## - TITLE STATEMENT | |
| Title | Your college experience: |
| Remainder of title | Strategies for success/ |
| Statement of responsibility, etc. | John N. Gardner and A Jerome Jewler. |
| 250 ## - EDITION STATEMENT | |
| Edition statement | 3rd ed. |
| 260 ## - PUBLICATION, DISTRIBUTION, ETC. (IMPRINT) | |
| Place of publication, distribution, etc. | Belmont, CA: |
| Name of publisher, distributor, etc. | Wadsworth publishing company; |
| Date of publication, distribution, etc. | 1998. |
| 300 ## - PHYSICAL DESCRIPTION | |
| Extent | xviii,286p, :ill. ; |
| Other physical details | Includes bibliographical and index |
| 650 ## - SUBJECT ADDED ENTRY--TOPICAL TERM | |
| Topical term or geographic name as entry element | College student orientation |
| General subdivision | United states. |
| 650 ## - SUBJECT ADDED ENTRY--TOPICAL TERM | |
| Topical term or geographic name as entry element | Study skillls |
| General subdivision | United states. |
| 650 ## - SUBJECT ADDED ENTRY--TOPICAL TERM | |
| Topical term or geographic name as entry element | Critical thinking |
| General subdivision | United states. |
| 650 ## - SUBJECT ADDED ENTRY--TOPICAL TERM | |
| Topical term or geographic name as entry element | Success |
| General subdivision | United states. |
| 700 ## - ADDED ENTRY--PERSONAL NAME | |
| Personal name | Jewler. A. Jerome. |
| 942 ## - ADDED ENTRY ELEMENTS (KOHA) | |
| Source of classification or shelving scheme | |
| Koha item type | Hard Covered Materials |
| Classification part | LB 2343.32 .Y68 1998 |
| Withdrawn status | Lost status | Source of classification or shelving scheme | Damaged status | Not for loan | Home library | Current library | Shelving location | Date acquired | Source of acquisition | Total Checkouts | Full call number | Barcode | Date last seen | Price effective from | Koha item type |
|---|---|---|---|---|---|---|---|---|---|---|---|---|---|---|---|
| MACHAKOS UNIVERSITY LIBRARY | MACHAKOS UNIVERSITY LIBRARY | Open shelf | 22/09/2016 | Donation(BFA) | LB 2343.32 .Y68 1998 | 21435 | 22/09/2016 | 22/09/2016 | Hard Covered Materials |